000 01002nam a22003137a 4500
001 BR2022001057
003 BR-BrBNA
005 20230928105709.0
007 ta
008 230509b bl.||||| |||| 00| 0 por d
040 _aBR-BrBNA
_bpor
_cBiblioteca Nacional de Agricultura
041 _a(Por)
072 _aL01; P01; F63
_b7100
090 _ 7100 BR2022001057
110 1 _aSindicato Nacional da Indústria de Produtos para Defesa Vegetal, São Paulo, SP (Brasil)
_99549
245 1 _aManual de boas práticas: práticas e dicas para uma relação mais produtiva entre a agricultura e a apicultura
_bColméia Viva
260 3 _aSão Paulo, SP (Brasil):
_c2017.
300 _a80 p.
500 _aGlossary p. 12; 69 illus.; 4 tables
650 _aAGRICULTURA
650 _aAPICULTURA
650 _aABELHA
650 _aCONTR0LE BIOLÓGICO
650 _aCONTROLE QUÍMICO
650 _aAGROTÓXICO
650 _aPOLINIZAÇÃO
909 _a202309
_bLucia
_c55
_dLucia Elande
942 _cBK
999 _c86248
_d86248